000 00295nam a2200097Ia 4500
001 689309
005 20250826161632.0
008 250824s9999 xx 000 0 und d
245 0 _aBABALAR VE OĞULLAR (ANTİK OKUL KLASİKLERİ)
_cİVAN SERGEYEVİÇ TURGENYEV
260 _bANTİK DÜNYA KLASİKLERİ
999 _c689309
_d689309